Отчет о состоянии Рижского реального училища императора Петра 1-го. за 1898-99 учебный год: за 1898-99 учебный год и речь, произнесенная на годичном акте преподавателем русского яз. Осмоловским: Главнейшие моменты в развитии художественного творчества А.С. Пушкина (Запись № 3840045)

Подробности
000 -МАРКЕР
контрольное поле 02034nam2a22003011 4500
001 - ИДЕНТИФИКАТОР ЗАПИСИ
контрольное поле v19\rc\1550039
005 - ИДЕНТИФИКАТОР ВЕРСИИ
контрольное поле 20250618194531.0
035 ## - ДРУГИЕ СИСТЕМНЫЕ НОМЕРА
Идентификатор записи (NLR Aleph) 004683549
100 ## - ДАННЫЕ ОБЩЕЙ ОБРАБОТКИ
Данные общей обработки 20060620d1899 |||y0rusy50 ca
101 0# - ЯЗЫК РЕСУРСА
Язык текста, звукозаписи и т.д. русский
102 ## - СТРАНА ПУБЛИКАЦИИ ИЛИ ПРОИЗВОДСТВА
Страна публикации Российская Федерация
105 ## - ПОЛЕ КОДИРОВАННЫХ ДАННЫХ: ТЕКСТОВЫЕ МАТЕРИАЛЫ, МОНОГРАФИЧЕСКИЕ
Кодированные данные о монографическом текстовом документе y j |||h|
200 1# - ЗАГЛАВИЕ И СВЕДЕНИЯ ОБ ОТВЕТСТВЕННОСТИ
Основное заглавие за 1898-99 учебный год и речь, произнесенная на годичном акте преподавателем русского яз. Осмоловским: Главнейшие моменты в развитии художественного творчества А.С. Пушкина
210 ## - ПУБЛИКАЦИЯ, РАСПРОСТРАНЕНИЕ И ДР.
Дата издания, распространения и т.д. 1899
Место издания, распространения и т.д. Б. м.
215 ## - ФИЗИЧЕСКАЯ ХАРАКТЕРИСТИКА
Специфическое обозначение материала и объем 50 с.
461 #0 - УРОВЕНЬ НАБОРА
Встроенное поле 001v19\rc\1550027
-- 2001#$aОтчет о состоянии Рижского реального училища императора Петра 1-го$vза 1898-99 учебный год
Системный номер (АБИС) связанной записи 3839893
Автор Рижское реальное училище императора Петра 1-го
Место публикации Рига
Дата публикации 1889-1903
Заглавие Отчет о состоянии Рижского реального училища императора Петра 1-го
Номер тома за 1898-99 учебный год
517 0# - ДРУГИЕ ВАРИАНТЫ ЗАГЛАВИЯ
Вариант заглавия Речь, произнесенная на годичном акте преподавателем русского яз. Осмоловским: Главнейшие моменты в развитии художественного творчества А.С. Пушкина
604 ## - ИМЯ И ЗАГЛАВИЕ КАК ПРЕДМЕТ
Связываемые данные 50010$aГлавнейшие моменты в развитии художественного творчества А.С. Пушкина
-- 700#1$aОсмоловский
Заглавие Главнейшие моменты в развитии художественного творчества А.С. Пушкина
Имя лица Осмоловский
801 #0 - ИСТОЧНИК ЗАПИСИ
Страна Российская Федерация
Организация NLR
Правила каталогизации psbo
801 #0 - ИСТОЧНИК ЗАПИСИ
Страна Российская Федерация
Организация RuMoRGB
Источник данных psbo
801 #1 - ИСТОЧНИК ЗАПИСИ
Страна Российская Федерация
Организация ProSoft-M
Источник данных rusmarc
852 ## - МЕСТОНАХОЖДЕНИЕ И ШИФР ХРАНЕНИЯ
Идентификатор организации NLR
Шифр хранения (Call Number) 19.130.4.75
899 ## - ДАННЫЕ О МЕСТОНАХОЖДЕНИИ (устаревшее)
Местонахождение RuMoRGB
Шифр хранения F 69/191
899 ## - ДАННЫЕ О МЕСТОНАХОЖДЕНИИ (устаревшее)
Местонахождение RuMoRGB
Шифр хранения F 123/337
899 ## - ДАННЫЕ О МЕСТОНАХОЖДЕНИИ (устаревшее)
Местонахождение БАН
942 ## - ДОПОЛНИТЕЛЬНЫЕ ЭЛЕМЕНТЫ ЗАПИСИ (АБИС)
Тип экземпляра АБИС Книга
980 ## - КОЛЛЕКЦИЯ
Название коллекции Национальная библиография
Экземпляры
Тип экземпляра Дата поступления Библиотека постоянного хранения Библиотека текущего хранения Место хранения Шифр хранения Штрих-код Статус экземпляра
Книга 26.10.2013 РНБ (Московский) РНБ (Московский) Неопределен, для заказа не доступен, в ЭК виден   4683549-40  
Книга 26.10.2013 РНБ (Садовая) РНБ (Садовая) Русский книжный фонд -Главное здание, Ленинский читальный зал 19.130.4.75 4683549-10